00226nam a22000857a 4500020001800000050001400018082001300032245003500045260006000080 a9781920520120 aEJF NEWT aEJF NEWT aNew tales from South Africa 4 aSouth Africa : JohannesburgbMthombothi Studiosc2016